000 01424nam a22002777a 4500
005 20101004141233.0
008 100928t xxu||||| |||| 00| 0 hin d
010 _aHIN-90748
020 _c200.00
_a817043422X
035 _aHN-63094
037 _bDBAD / PUB
040 _aDPL
_bHN
082 _a824
100 _922145
_aचन्द्रा, अनिल
245 _aमनुष्य है महानतम:
_cअनिल चन्द्रा; शशी शेखर तौशखानी द्वारा अनुवादित
_bकहानियों और लेखों का संग्रह /
246 _aManushya hai mahantam
_bby Anil Chandra; Translated by Shashi Shekhar Taushkhani
260 _aदिल्ली
_bआत्माराम एण्ड संस
_c2010
270 _a1376, कश्मीरी गेट
_bदिल्ली
_e110006
_k011-23946466, 23973082
_matmaram_books@hotmail.com
300 _a116पृ.
_c22सेमी (सजिल्द)
650 _91169
_aहिन्दी निबन्ध
650 _922409
_aHindi Nibandh
700 _922273
_aतौशखानी, शशी शेखर
700 _922352
942 _2ddc
_cHN
_h824
_mचन्द्राअ
999 _c48141
_d48141